Some effects of taxation and collective goods in postwar America (Registro nro. 25811)
[ vista simple ]
| 000 -LEADER | |
|---|---|
| fixed length control field | 00385 a2200121 4500 |
| 001 - CONTROL NUMBER | |
| control field | ART_11765 |
| 005 - DATE AND TIME OF LATEST TRANSACTION | |
| control field | 20260410161900.0 |
| 008 - FIXED-LENGTH DATA ELEMENTS--GENERAL INFORMATION | |
| fixed length control field | 260409a |
| 100 1# - MAIN ENTRY--PERSONAL NAME | |
| Personal name | Gevers, Louis |
| 245 10 - TITLE STATEMENT | |
| Title | Some effects of taxation and collective goods in postwar America |
| 700 1# - ADDED ENTRY--PERSONAL NAME | |
| Personal name | Proost, Stefaan |
| 773 0# - HOST ITEM ENTRY | |
| Title | Journal of public economics |
| Related parts | - Vol. 9, Nº 2 (abr. 1978) |
| Record control number | REV11485 |
No hay ítems disponibles.